| 000 | 01816nam a2200217Ia 4500 | ||
|---|---|---|---|
| 003 | Ost | ||
| 005 | 20260507075110.0 | ||
| 008 | 260507s9999||||xx |||||||||||||| ||und|| | ||
| 040 | _cfsecg | ||
| 041 | _aara | ||
| 082 | _a330 | ||
| 100 |
_aابراهيم، غسان محمود _eمؤلف |
||
| 245 | 0 |
_aالاقتصاد الاسلامي علم ام وهم؟ / _c غسان محمود ابراهيم |
|
| 260 |
_aبيروت: _bدار الفكر المعاصر, _c2000 |
||
| 300 |
_a248 صفحة؛ _bغلاف ملون _c20 سم |
||
| 490 | _aحوارات لقرن جديد | ||
| 520 | _aالقسم الأول : الاقتصاد الإسلامي بين الشك واليقين / غسان محمود إبراهيم : مقارنة منهجية : 1. الاقتصاد السياسي للاقتصاد الإسلامي : 2. الصوت والصدى : تاريخ وأسطورة : 3. فيض الاقتصاد الإسلامي بين الدين والسياسة : خاتمة-القسم الثاني : الاقتصاد الإسلامي علما ونظاما / منذر القحف : مقدمة : الفصل الأول : الدين والاقتصاد : 1. مجال الدين مجال علم الاقتصاد : الفصل الثاني : نماذج عن النظريات الاقتصادية الإسلامية : المبادئ الإسلامية للسلوك الاقتصادي : الفصل الثالث : نظرية التمويل الإسلامي والمصرفية الإسلامية : مقدمة-القسم الثالث : التعقيبات : تعقيب د. غسان إبراهيم على بحث د. منذر القحف : تعقيب د. منذر القحف على بحث د. غسان إبراهيم. | ||
| 653 | _aاقتصاد اسلامي | ||
| 700 |
_aالقحف، أ. منذر _eمؤلف ثانوي |
||
| 942 | _cكتاب | ||
| 999 |
_c42894 _d42894 |
||